Sozialistische Finanzwirtschaft Zeitschrift für das Finanz- und Kreditwesen der DDR

Uložené v:
Podrobná bibliografia
Médium: Seriál
Jazyk:German
Vydavateľské údaje: Berlin Wirtschaft 1976
Tagy: Pridať tag
Žiadne tagy, Buďte prvý, kto otaguje tento záznam!

MARC

LEADER 00000nas2a22000001 4500
001 0020803
005 20250730114409.2
041 0 |a ger 
044 |a DE 
245 1 0 |a Sozialistische Finanzwirtschaft  |b Zeitschrift für das Finanz- und Kreditwesen der DDR 
264 1 |a Berlin  |b Wirtschaft  |c 1976 
300 |a 1 zv. 
773 0 |w eu_un_cat*s120787